000 01095naa a22003017a 4500
001 BR8302675
003 BR-BrBNA
005 20240918175255.0
007 ta
008 230509b bl.||||| |||| 00| 0 por d
040 _aBR-BrBNA
_bpor
_cBiblioteca Nacional de Agricultura
041 _a(Pt)
072 _aE15; E30
_b/G514
090 _aE15 BR8302675
100 1 _aVianna, P.R.
111 1 _a21. Congresso Brasileiro de Economia e Sociologia Rural
_cBrasilia, DF (Brazil)
_d25-28 Jul 1983
245 1 _aO modelo de credito rural no Brasil. Problemas e opcoes [politica agricola, financiamento]
260 3 _aBrasilia, DF (Brasil):
_c1983.
500 _aAgricultura: saida para a crise? Brasilia, DF (Brasil): 1983. p. 57-143 (BR8302675-AM)E15
650 _aCREDITO RURAL
650 _aPOLITICA AGRICOLA
650 _aFINANCIAMENTO
650 _aPOLITICA GOVERNAMENTAL
650 _aDESENVOLVIMENTO AGRICOLA
773 0 _tAgricultura: saida para a crise?
_b
_wE15 BR8302675
_gBrasilia, DF (Brasil), 1983. p. 57-143
909 _a202404
_bLucia
_c55
_dLucia Elande
942 _cAM
_2AGRIS
999 _c315953
_d315953